000 00619nam a2200229Ia 4500
005 20241129104140.0
008 241129s9999||||xx |||||||||||||| ||und||
020 _a9780262043625
037 _aTextual
040 _aRTL
_beng
_cRTL
041 _aeng
_2eng
084 _aX:(B7:3) R0
_qRTL
100 _aMiao Jianjun
_9432025
245 0 _aEconomic dynamics in discrete time
_cMiao Jianjun
250 _a2nd
260 _aLondon
_bMIT Press
_c2020
300 _axviii,825p.
365 _aINR
_b7083.05
650 _aBehavioral Economics
942 _cTB
_hX:(B7:3) R0
999 _c1224626
_d1224626